00413 2200169 4500001002100000005001700021020001800038035002500056082000800081100001600089245001700105250001100122260004400133300004400177990001100221990001100232INLIS00000000001241220150112162418.0 a979-605-713-1 a0010-011500000005185 a813 aEnid Blyton aLima Sekawan acet.11 aJakartabPT Gramedi Pustaka Utamac2006 a190 hlm.; ilus.; 11 x 18 cmc11 x 18 cm a19.547 a19.520